[Event "Titled Tuesday intern op 17th April"]
[Site "Chess.com INT"]
[Date "2017.11.07"]
[Round "1"]
[White "Meyers, Dominique"]
[Black "Riff, Jean Noel"]
[Result "0-1"]
[WhiteElo "1948"]
[BlackElo "2512"]
[PlyCount "72"]
[EventDate "2017.04.17"]
[EventType "swiss (blitz)"]
[EventRounds "10"]
[EventCountry "USA"]
[SourceTitle "EXT 2021"]
[Source "ChessBase"]
[SourceDate "2020.10.23"]
[SourceVersion "1"]
[SourceVersionDate "2020.10.23"]
[SourceQuality "1"]

1. e4 c5 2. Nf3 d6 3. d4 cxd4 4. Nxd4 Nf6 5. Nc3 a6 6. h3 e6 7. g4 h6 8. Be3 b5 9. Bg2 Bb7 10. Qe2 b4 11. Nd5 exd5 12. exd5 Be7 13. Nf5 Kf8 14. Bb6 Qd7 15. 0-0-0 g6 16. Nxh6 Rxh6 17. g5 Rh7 18. gxf6 Bxf6 19. Rhe1 Kg7 20. Qf3 Qf5 21. Qxf5 gxf5 22. Bc7 Be5 23. Kb1 Nd7 24. f4 Bxf4 25. Rf1 Be5 26. Rxf5 Rc8 27. Ba5 Rh6 28. Bxb4 Rf6 29. Rg5+ Rg6 30. Rxg6+ fxg6 31. Bf3 Nf6 32. b3 Rh8 33. Bg2 Rh5 34. Rd3 Rg5 35. Rd2 Bxd5 36. Bxd5 Rg1+ 0-1

[Event "Titled Tuesday intern op 6th June"]
[Site "Chess.com INT"]
[Date "2017.06.06"]
[Round "1"]
[White "Meyers, Dominique"]
[Black "Papp, Petra"]
[Result "0-1"]
[WhiteElo "2096"]
[BlackElo "2371"]
[PlyCount "60"]
[EventDate "2017.06.06"]
[EventType "swiss (blitz)"]
[EventRounds "10"]
[EventCountry "USA"]
[SourceTitle "EXT 2021"]
[Source "ChessBase"]
[SourceDate "2020.10.23"]
[SourceVersion "1"]
[SourceVersionDate "2020.10.23"]
[SourceQuality "1"]

1. e4 c5 2. Nf3 d6 3. d4 cxd4 4. Nxd4 Nf6 5. Nc3 a6 6. h3 e6 7. g4 Be7 8. Bg2 Nfd7 9. Be3 Nc6 10. Qe2 0-0 11. 0-0-0 Nxd4 12. Bxd4 b5 13. f4 Bb7 14. Kb1 b4 15. Na4 Bc6 16. b3 Bxa4 17. bxa4 Qc7 18. g5 e5 19. Bb2 a5 20. f5 Bxg5 21. Rhg1 Bf6 22. Qg4 Nc5 23. h4 Nxa4 24. h5 h6 25. Bf1 Rfc8 26. Bd3 Nxb2 27. Kxb2 a4 28. Rb1 Qc3+ 29. Kc1 Qxd3 30. Rg2 Bg5+ 0-1

[Event "Titled Tuesday intern op 7th June"]
[Site "Chess.com INT"]
[Date "2016.06.07"]
[Round "7"]
[White "Smith, Best"]
[Black "Meyers, Dominique"]
[Result "1-0"]
[WhiteElo "2169"]
[BlackElo "1881"]
[PlyCount "51"]
[EventDate "2016.06.07"]
[EventType "swiss (blitz)"]
[EventRounds "9"]
[EventCountry "USA"]
[SourceTitle "EXT 2021"]
[Source "ChessBase"]
[SourceDate "2020.10.23"]
[SourceVersion "1"]
[SourceVersionDate "2020.10.23"]
[SourceQuality "1"]

1. e4 e5 2. Nf3 Nc6 3. d4 exd4 4. Bc4 Nf6 5. 0-0 Bc5 6. e5 d5 7. exf6 dxc4 8. fxg7 Rg8 9. Bg5 Qd5 10. Nc3 Qf5 11. Ne4 Be7 12. Bxe7 Kxe7 13. Nxd4 Nxd4 14. Qxd4 Be6 15. Ng3 Qd5 16. Qh4+ Kd7 17. Rad1 Rxg7 18. Rxd5+ Bxd5 19. Qf6 Rg6 20. Qf5+ Be6 21. Rd1+ Ke7 22. Qc5+ Ke8 23. Ne4 c6 24. Nd6+ Kf8 25. Nf5+ Kg8 26. Ne7+ 1-0